Staaten mit drei Nachbarländern - Statistiken

Allgemein
  • Dieses Quiz wurde 7 mal gespielt
  • Das Durchschnittsergebnis liegt bei 20 aus 28
Antwortstatistiken
Antwort % Korrekt
Guyana
100%
Honduras
100%
Mexiko
100%
Nordkorea
100%
Finnland
83%
Kambodscha
83%
Malaysia
83%
Norwegen
83%
Oman
83%
Paraguay
83%
Somalia
83%
Surinam
83%
Venezuela
83%
Dschibuti
67%
Eritrea
67%
Liberia
67%
Luxemburg
67%
Togo
67%
Bosnien Herzegowina
50%
Burundi
50%
Ecuador
50%
Gabun
50%
Ghana
50%
Indonesien
50%
Malawi
50%
Marokko
50%
Vietnam
50%
Ägypten
33%
Keine übereinstimmenden Quizze gefunden
Verteilung der Resultate
Anzahl Personen mit jedem Resultat
Perzentil nach korrekt beantworteten Fragen
Ihre Resultats-Entwicklung
Sie haben dieses Quiz noch nicht gespielt